| 000 | 00553nam a2200181 4500 | ||
|---|---|---|---|
| 001 | 112889 | ||
| 003 | ES-MaACL | ||
| 005 | 20230906185705.0 | ||
| 007 | t| | ||
| 008 | 061121s1966 mx r ||||1| spa d | ||
| 100 | 1 |
_aMurray, Peter. _984647 |
|
| 245 | 1 | 3 |
_aEl arte del Renacimiento / _cPeter Murray y Linda Murray ; traducción de Concha Marco. |
| 260 |
_aMéxico : _bHermes, _c1966. |
||
| 300 |
_a286 p. con 4 lám. : _bil ; _c21 cm. |
||
| 700 | 1 |
_aMurray, Linda. _984643 |
|
| 700 | 1 |
_aMarco, Concha. _976455 |
|
| 852 |
_aES-MaACL _jC-31792 _bR.62110 |
||
| 999 |
_c112889 _d112889 |
||